000
00253nam a2200109Ia 4500
005
20251222153550.0
008
251222s9999||||xx |||||||||||||| ||spa||
082
_a
869.56/C24D
100
_a
"Camino Calderón, Carlos"
245
0
_a
El Daño
942
_c
LIB
999
_c
30808
_d
30808